Suomen kansallislaulu - Statistics

Yleistilastot
  • Tätä visaa on pelattu 55 kertaa
  • Keskiarvotulos 33 / 42
Vastaustilastot
Vastaus % Oikein
maa
100%
maamme
100%
Oi
100%
Suomi
100%
Ei
98%
ei
98%
ei
98%
kukkulaa
98%
kultainen
98%
laaksoa
98%
rantaa
98%
sana
98%
soi
98%
vettä
98%
rakkaampaa
96%
synnyinmaa
96%
synnyinmaa
96%
kotimaa
93%
tää
93%
isien
91%
kallis
91%
kuin
91%
pohjoinen
91%
saa
78%
saa
78%
Sun
76%
sun
76%
kukoistukses
69%
kerran
60%
puhkeaa
60%
kaiun
58%
kerrankin
53%
kuorestaan
53%
lempemme
51%
nousemaan
51%
ja
49%
viel
49%
loistossaan
44%
riemus
40%
toivos
40%
korkeemman
33%
laulus
22%
Ehtoja vastaavia visoja ei löytynyt
Tulosjakauma
Jokaisen tuloksen saaneiden osuus
Persentiili vastausten määrän mukaan
Tuloshistoriasi
Et ole pelannut tätä visaa